000 00726nam a2200217Ia 4500
999 _c36918
_d36918
001 2869
003 GE_BSU
005 20190613151702.0
008 181216s2012||||enk|||||||||||||| ||eng||
020 _a9789941412974
040 _cGE_BSU
041 _ageo
080 _a 811.111(072) B-48
100 _aBerman, M.
_92478
245 _aTeaching with parables :
_cMichael Berman ; red. Lali Kontselidze
_bA Resource Book for Teachers /
264 _aBatumi :
_bShota Rustaveli State Univ.,
_c2012.
300 _a148 p. ;
_b20 cm.
653 _aინგლისური ენის სწავლების მეთოდიკა
700 _aKontselidze, Lali
_eრედაქტორი
_92480
942 _cBK
_2udc